UBT Library

Distributed Systems-Architecture and Implementation : (Record no. 400)

000 -LEADER
fixed length control field 00676nam a22002177a 4500
008 - FIXED-LENGTH DATA ELEMENTS--GENERAL INFORMATION
fixed length control field 131004b xxu||||| |||| 00| 0 eng d
020 ## - INTERNATIONAL STANDARD BOOK NUMBER
International Standard Book Number 3540105719
020 ## - INTERNATIONAL STANDARD BOOK NUMBER
International Standard Book Number 0387105719
041 0# - LANGUAGE CODE
Language code of text/sound track or separate title eng
080 ## - UNIVERSAL DECIMAL CLASSIFICATION NUMBER
Universal Decimal Classification number 004.2
245 00 - TITLE STATEMENT
Title Distributed Systems-Architecture and Implementation :
Statement of responsibility, etc G.Goos, J. Hartmanis
260 ## -
-- Berlin ;
-- New York :
-- Springer Verlag,
-- 1981
300 ## -
-- xiii, 510 f. :
-- me il. ;
-- 24 cm
490 ## -
-- Lecture notes in computer science
-- 105
500 ## -
-- Preface : [III]-IV
650 #0 -
-- Softuer Kompjuteri
650 #0 -
-- Arkitektura e kompjuterëve
700 1# -
-- Goos, G.
700 1# -
-- Hartmanis, J.
942 ## - ADDED ENTRY ELEMENTS (KOHA)
Source of classification or shelving scheme
Item type Books
Holdings
Withdrawn status Lost status Source of classification or shelving scheme Damaged status Not for loan Collection code Permanent location Current location Shelving location Date acquired Total Checkouts Barcode Date last seen Price effective from Koha item type
          Koleksioni i lëndeve mesimore UBT - Ferizaj UBT - Ferizaj Koleksioni i lëndeve mesimore 02/18/2014   003-0000147 02/18/2014 02/18/2014 Books
UBT Library © 2015-2024. All rights reserved University Education for Business and Technology